Anayasa Türk Ceza Kanunu Ceza Muhakemesi Kanunu ilgili mevzuat (Record no. 4667)

MARC details
000 -BAŞLIK
Sabit Uzunlukta Kontrol Alanı 01009na a2200325 4500
001 - KONTROL NUMARASI
Denetim Alanı 17505
003 - KONTROL NUMARASI IDENTIFIER
Denetim Alanı MIRAKIL
005 - SON İŞLEM TARİHİ VE ZAMANI
Denetim Alanı 20181213155014.0
008 - SABİT-BOY VERİ ELEMANLARI - GENEL BİLGİLER
Sabit Uzunlukta Kontrol Alanı 161025b tu 000 0
020 ## - ULUSLARARASI STANDART KİTAP NUMARASI
Uluslararası Standart Kitap Numarası 9750200225
040 ## - KATALOGLAMA KAYNAK
Orijinal Kataloglama Ajansı Milas
Kataloglama Dili tur
Metne Dönüştürmek Ajansı TR-AnCHP
041 ## - DİL KODU
Metin / Ses Parça Veya Ayrı Başlığın Dil Kodu tur
082 ## - DEWEY ONLU SINIFLANDIRMA NUMARASI
Sınıflandırma Numarası 348.024
Ürün Numarası Y44a 2005
090 ## - SINIFLAMA NUMARASI
Sınıflama Numarası 348.024 Y44a 2005
100 ## - ANA GİRİŞ - KİŞİSEL İSİM
Kişisel Ad Yılmaz, Zekeriya
245 ## - BAŞLIK TABLOSU
Başlık Anayasa Türk Ceza Kanunu Ceza Muhakemesi Kanunu ilgili mevzuat
Sorumluluk Tablosu, Vb Zekeriya Yılmaz
246 ## - UNVAN FORM VARYING
Başlık Doğru / Kısa Başlığı Ceza Muhakemesi Kanunu
246 ## - UNVAN FORM VARYING
Başlık Doğru / Kısa Başlığı Türk Ceza Kanunu
250 ## - EDITION TABLOSU
Baskı Beyanı 22. bs.
260 ## - YAYIN, DAĞITIM, VB
Yayın, Dağıtım, Vb Yeri Ankara
Yayıncı, Dağıtıcı, Vs Adı Seçkin
Yayın, Dağıtım, Vb Tarihi 2005
300 ## - FİZİKSEL TANIM
Kapsam 766 s.
Boyutlar 14 sm.
490 ## - SERİSİ TABLOSU
Seri Beyanı Kanun Metinleri dizisi
Hacim / Ardışık Tanımı 30
650 ## - KONU KATMA GİRİŞ - TOPİKAL DÖNEM
Topikal Süreli Veya Coğrafi Ad Giriş Elemanı Ceza muhakemesi usulü
Genel Alt Bölümü Kanunlar
Coğrafi Alt Bölümü Türkiye
650 ## - KONU KATMA GİRİŞ - TOPİKAL DÖNEM
Topikal Süreli Veya Coğrafi Ad Giriş Elemanı Ceza hukuku
Genel Alt Bölümü Kanunlar
Coğrafi Alt Bölümü Türkiye
650 ## - KONU KATMA GİRİŞ - TOPİKAL DÖNEM
Topikal Süreli Veya Coğrafi Ad Giriş Elemanı Anayasa hukuku
Genel Alt Bölümü Kanunlar
Coğrafi Alt Bölümü Türkiye
651 ## - KONU KATMA GİRİŞ - COĞRAFİ ADI
Coğrafi İsim Türkiye
Genel Alt Bölümü Ceza Muhakemeleri Kanunu (CMK), 2004
651 ## - KONU KATMA GİRİŞ - COĞRAFİ ADI
Coğrafi İsim Türkiye
Genel Alt Bölümü Türk Ceza Kanunu (TCK), 2004
651 ## - KONU KATMA GİRİŞ - COĞRAFİ ADI
Coğrafi İsim Türkiye
Genel Alt Bölümü Anayasa, 1982
942 ## - EKLENDİ GİRİŞ ELEMANLARI (KOHA)
Sınıflandırma Veya Raf Düzeni Kaynak Dewey Decimal Classification
Koha Öğesi Türü Books
999 ## - SİSTEM KONTROL NUMARALARI (KOHA)
Koha Biblionumber 4667
Koha Biblioitemnumber 4667
Holdings
Kalıcı Konum Mevcut Konum Edinme Tarihi Edinim Kaynak Seri Numaralandırma / Kronolojik Toplam Check-Out'Lar Tam Çağrı Numarası Barkod Tarih Son Görülme İtibaren Geçerli Fiyatlar Koha Öğesi Türü Kopya Sayısı
CHP Kütüphanesi CHP Kütüphanesi 10/25/2016 Bağış c.2   348.024 Y44a 2005 008161 10/25/2016 10/25/2016 Books  
CHP Kütüphanesi CHP Kütüphanesi 10/25/2016 Bağış     348.024 Y44a 2005 008162 10/25/2016 10/25/2016 Books k.2